00394nam a22001577a 450000500170000000800410001701000130005802000110007103500130008203700170009504000180011210000190013024500410014926000320019030000140022220100508114110.0100508t xxu||||| |||| 00| 0 eng d aB-368648 c290.00 aB-368648 bPansy Books  adplbEnglish  aRawat, Dinesh  aPlams sfor India /cby Dinesh Rawat  bSahayog Hortica aParganas  ap. ccm.